Lipppncott's Illustrated Reviews: Pharmacology (Record no. 599)

MARC details
000 -LEADER
fixed length control field 00848pam a2200277 a 4500
001 - CONTROL NUMBER
control field 2017340
003 - CONTROL NUMBER IDENTIFIER
control field OSt
005 - DATE AND TIME OF LATEST TRANSACTION
control field 20191030162631.0
008 - FIXED-LENGTH DATA ELEMENTS--GENERAL INFORMATION
fixed length control field 910531s1992 paua 001 0 eng c
010 ## - LIBRARY OF CONGRESS CONTROL NUMBER
LC control number 91062109
020 ## - INTERNATIONAL STANDARD BOOK NUMBER
International Standard Book Number 039751039X
040 ## - CATALOGING SOURCE
Original cataloging agency DNLM/DLC
Transcribing agency DLC
Modifying agency DLC
050 00 - LIBRARY OF CONGRESS CALL NUMBER
Classification number RM301.14
Item number .P47 1992
060 #0 - NATIONAL LIBRARY OF MEDICINE CALL NUMBER
Classification number QV 17 P536
082 00 - DEWEY DECIMAL CLASSIFICATION NUMBER
Classification number QV 17 P494 1992
Edition number 20
100 ## - MAIN ENTRY--PERSONAL NAME
Personal name Editors, Richard A. Harvey, Pamela C. Champe
9 (RLIN) 13021
245 00 - TITLE STATEMENT
Title Lipppncott's Illustrated Reviews: Pharmacology
260 ## - PUBLICATION, DISTRIBUTION, ETC. (IMPRINT)
Place of publication, distribution, etc. Philadelphia;
Name of publisher, distributor, etc. Lippincott,
Date of publication, distribution, etc. c1992.
300 ## - PHYSICAL DESCRIPTION
Extent xvi, 459 p. :
Other physical details ill. ;
Dimensions 28 cm.
440 #0 - SERIES STATEMENT/ADDED ENTRY--TITLE
Title Lippincott's illustrated reviews
9 (RLIN) 470
500 ## - GENERAL NOTE
General note Includes index.
650 #0 - SUBJECT ADDED ENTRY--TOPICAL TERM
Topical term or geographic name as entry element Pharmacology MCQs
9 (RLIN) 471
906 ## - LOCAL DATA ELEMENT F, LDF (RLIN)
a 7
b cbc
c orignew
d 1
e opcn
f 19
g y-gencatlg
942 ## - ADDED ENTRY ELEMENTS (KOHA)
Source of classification or shelving scheme Other/Generic Classification Scheme
Koha item type Short Loan
Holdings
Withdrawn status Lost status Source of classification or shelving scheme Damaged status Not for loan Home library Current library Date acquired Inventory number Total Checkouts Full call number Barcode Date last seen Koha item type Public note
    Other/Generic Classification Scheme     MUST Main Library MUST Main Library 27/10/2014 14927   QV 17 P494 1992 2014-3143 27/10/2014 Open Shelf LIB. USE ONLY